Turcaret /

Bibliographic Details
Main Author: Le Sage, Alain René, 1668-1747
Other Authors: Kerr, William Alexander Robb, 1875-
Format: Book
Language:French
Published: Boston : D. C. Heath & co., 1905.
Series:Heath's modern language series.

MARC

Tag First Indicator Second Indicator Subfields
LEADER 00000cam a2200000 4500
001 in00000700677
005 20151016052734.0
008 740618s1905 mau b 00010 fre u
010 |a  05040781  
035 |a (OCoLC)00920853 
035 |9 ADB7889AM 
040 |c ASC  |d TXA  |d UtOrBLW 
049 |a TXAM  |c [3914] 
050 0 0 |a PQ1997  |b .T6 1905 
092 |a 842  |b L622t 
100 1 |a Le Sage, Alain René,  |d 1668-1747. 
245 1 0 |a Turcaret /  |c par Alain Rene Le Sage; ed., with introduction and notes, by W. A. R. Kerr ... 
264 1 |a Boston :  |b D. C. Heath & co.,  |c 1905. 
300 |a xii, 105 pages ;  |c 17 cm. 
336 |a text  |b txt  |2 rdacontent 
337 |a unmediated  |b n  |2 rdamedia 
338 |a volume  |b nc  |2 rdacarrier 
490 1 |a Heath's modern language series 
504 |a Bibliography: pages xii 
700 1 |a Kerr, William Alexander Robb,  |d 1875- 
830 0 |a Heath's modern language series. 
999 |a MARS 
999 f f |s 44262080-6ed1-3fdb-a843-1669dd4951f6  |i cfd8cff6-6e9c-3d5b-b966-167f8ec70b16  |t 0 
952 f f |p normal  |a Texas A&M University  |b College Station  |c Sterling C. Evans Library  |d Evans: Library Stacks  |t 0  |e PQ1997 .T6 1905  |h Library of Congress classification  |i unmediated -- volume  |m A14801365028 
998 f f |a PQ1997 .T6 1905  |t 0  |l Evans: Library Stacks